000 00761nam a2200205 a 4500
999 _c6392
_d6392
001 6392
003 BD-JhCC
005 20181009134015.0
008 180122s2009 bg |||| |||| 000 0 ben d
035 _a(BD-JhCC)
040 _aBD-JhCC
_dBD-JhCC
041 _aben
082 _a297
_bZAH 2009
100 _aজাহাঙ্গীর, খোন্দকার আব্দুল্লাহ
245 _aআল্লাহর পথে দা’ওয়াত /
_cড. খোন্দকার আব্দুল্লাহ জাহাঙ্গীর
260 _aঝিনাইদহ:
_bআস-সুন্নাহ পাবলিকেশন;
_c২০০৯
300 _a৬৪ পৃ;,
_c২২ সেমি
650 _aIslam
942 _2ddc
_cBK
_01